Intermediate Algebra

Bibliographic Details
Main Author: McWaters, Marcus
Other Authors: Lin, You-Feng
Format: Book
Language:English
Published: Lexington, Mass. : D.C.Heath and Company , c1985
Subjects:

MARC

LEADER 00000cam a2200000 7i4500
001 0000003405
005 20230530.0
008 991203 mau eng
020 |a 0669051233 (hbk) 
040 |a INS 
090 0 0 |a QA154.2   |b .M45 1985 
100 1 |a McWaters, Marcus 
245 1 0 |a Intermediate Algebra   |c Marcus McWaters, You-Feng Lin 
260 |a Lexington, Mass. :   |b D.C.Heath and Company ,   |c c1985 
300 |a 1 v. (various pagings) :   |b ill. ;   |c 25 cm. 
500 |a Includes index 
650 0 |a Algebra 
700 1 |a Lin, You-Feng 
999 |a 0000005076   |b BOOK   |c Open Shelf   |e Default branch